| 000 | 00598nam a22002057a 4500 | ||
|---|---|---|---|
| 005 | 20251108165425.0 | ||
| 008 | 250721s2002 xx 000 0 ara d | ||
| 082 | 1 | 4 | _a664.028/عنق |
| 100 | 1 | _aعنقور، ملك محمد | |
| 245 | 1 | 0 | _aتصنيع الخضار و الفواكه / |
| 264 | 1 |
_aاربد : _bدار الأمل، _c2002. |
|
| 300 | _a331ص | ||
| 650 | 1 | 7 | _aالصناعات الغذائية |
| 650 | 1 | 7 | _aعمليات حفظ الأطعمة |
| 650 | 1 | 7 | _aالخضروات |
| 650 | 1 | 7 | _aالفواكة |
| 700 | 1 | _aعجو، رضوان | |
| 942 |
_2ddc _cBK |
||
| 999 |
_c27577 _d27577 |
||